Statistiken für Staaten, Provinzen und Territorien, welche die Appalachen berühren

Klicken Sie hier um das Quiz zu spielen!

Allgemein

  • Dieses Quiz wurde 537 mal gespielt
  • Das Durchschnittsergebnis liegt bei 17 aus 23

Antwortstatistiken

Staat, Provinz oder Überseegebiet % Korrekt
New York
91%
Virginia
87%
North Carolina
85%
Maine
85%
West Virginia
85%
South Carolina
84%
Vermont
84%
Georgia
82%
Pennsylvania
80%
New Jersey
80%
Québec
79%
Tennessee
79%
New Hampshire
78%
Kentucky
76%
Maryland
76%
Ohio
76%
Alabama
75%
Massachusetts
70%
Connecticut
67%
Neufundland und Labrador
51%
New Brunswick
42%
Nova Scotia
42%
Saint-Pierre und Miquelon
29%

Verteilung der Resultate

Perzentil nach korrekt beantworteten Fragen

Anzahl Personen mit jedem Resultat

Ihre Resultats-Entwicklung

Sie haben dieses Quiz noch nicht gespielt